00894nam a2200193 a 450000100100000000500170001000800410002702000150006804000250008308200130010810000310012124501490015226000620030130000330036349000970039650000740049370000360056783000970060300004161820201002035653.0131014s1984 sp a 000 0 spa d a8400058666 aDO-SdBNPbspacBNPHU axxxbxxx1 aPrieto Lucena, Ana María10aFilipinas durante el Gobierno de Manrique de Lara :b1653-1663 /cAna María Prieto Lucena ; edición preparada por José Hernández Palomo. aSevilla :bEscuela de Estudios Hispano-Americanos,c1984. axiv, 163 p. :bil. ;c19 cm.1 aPublicaciones de la Escuela de Estudios Hispano-Americanos de la Universidad de Sevillav304 aIncluye referencias bibliográficas y notas al pie de las páginas.12aHernández Palomo, Joséeed. 0aPublicaciones de la Escuela de Estudios Hispano-Americanos de la Universidad de Sevillan304